000 00303 a2200145 4500
001 154022
040 _cEscola São Tomás de Aquino
100 _aHOFFMANN, Jussara
240 1 0 _aAvaliação
_lpor
245 1 0 _aAvaliação
300 _a128
362 0 _a1992
697 _aEducação
942 _cBK
999 _c154022
_d154022